000 00418nam a2200169Ia 4500
008 230524s9999 xx 000 0 und d
020 _a8120310659
082 _a5.43
_bFED
100 _aPaul M.C.Fednies
_916795
245 4 _aThe Complete Idiots Guide to Windows 95
250 _a1ST
260 _aNEW DELHI
_bPHI
_c1996
300 _aXXIV;384
500 _aQuantity Number: 1
650 _aComp-Sc
942 _cBK
999 _c25252
_d25252